Vanity fair: A novel without a hero (Record no. 62354)

MARC details
000 -LEADER
fixed length control field 00374nam a2200145Ia 4500
008 - FIXED-LENGTH DATA ELEMENTS--GENERAL INFORMATION
fixed length control field 230917s9999||||xx |||||||||||||| ||und||
040 ## - CATALOGING SOURCE
-- 37860
Original cataloging agency VIVEKANANDA LIBRARY
041 ## - Language
-- English
082 ## - DDC NUMBER
Classification number 823.7 T325V
100 ## - MAIN ENTRY--PERSONAL NAME
Personal name Thackeray, Willian Makepeace
245 #0 - TITLE STATEMENT
Title Vanity fair: A novel without a hero
260 ## - PUBLICATION, DISTRIBUTION, ETC. (IMPRINT)
Place of publication, distribution, etc New York
Name of publisher, distributor, etc Signet Classic
Date of publication, distribution, etc 1962
300 ## - PHYSICAL DESCRIPTION
Pages 828 p.
942 ## - ADDED ENTRY ELEMENTS (KOHA)
Koha item type Books
Holdings
Withdrawn status Lost status Damaged status Not for loan Location (home branch) Sublocation or collection (holding branch) Date acquired Koha issues (times borrowed) Koha full call number Accession No. Koha date last seen Koha item type
        VIVEKANANDA LIBRARY VIVEKANANDA LIBRARY 29/08/2002   823.7 T325V 13398 17/09/2023 Books
© Designed and Maintained by Vivekananda Library, MDU Rohtak